[Event "CZE Team Ch"]
[Site "Czech Republic"]
[Date "1994.??.??"]
[Round "?"]
[White "Trefny, Vlastimil"]
[Black "Krcmar, Zdenek"]
[Result "1-0"]
[WhiteElo "2280"]
[BlackElo "2255"]
[PlyCount "41"]
[EventDate "1994.??.??"]
[Source "www.chesslib.no"]
[SourceDate "2004.05.04"]

1. e4 e5 2. f4 d5 3. exd5 e4 4. d3 Nf6 5. dxe4 Nxe4 6. Be3 Bf5 7. Nf3 c6 8. Bc4 Nd7 9. dxc6 bxc6 10. O-O Nb6 11. Bb3 Be7 12. Ne5 Nd5 13. Bd4 Qd6 14. c4 Nb4 15. Nxf7 Qxd4+ 16. Qxd4 Kxf7 17. c5+ Kg6 18. Kh1 Bxc5 19. Qc4 Nd5 20. g4 Nf2+ 21. Rxf2 1-0

[Event "Corr"]
[Site "?"]
[Date "2002.03.10"]
[Round "?"]
[White "Bruschetta Letterio (ITA)"]
[Black "Gelemerov Iane (BLG)"]
[Result "1-0"]
[WhiteElo "2162"]
[BlackElo "2367"]
[PlyCount "53"]
[EventDate "2002.??.??"]
[Source "www.chesslib.no"]
[SourceDate "2004.05.04"]

1. e4 e5 2. f4 d5 3. exd5 e4 4. d3 Nf6 5. dxe4 Nxe4 6. Nf3 Bc5 7. Qe2 Bf5 8. Nc3 Qe7 9. Be3 Nxc3 10. Bxc5 Qxe2+ 11. Bxe2 Nxd5 12. Bc4 Nxf4 13. O-O Nd7 14. Ng5 Be6 15. Ba3 h6 16. Nxf7 Kxf7 17. Rxf4+ Nf6 18. Bxe6+ Kxe6 19. Re1+ Kf7 20. Re7+ Kg8 21. c4 Ne8 22. Rff7 Kh7 23. Kf2 Kg6 24. b3 a5 25. Bb2 Rg8 26. Be5 Ra6 27. Bxc7 1-0

[Event "It Open"]
[Site "St. Ingbert GER"]
[Date "1991.??.??"]
[Round "6"]
[White "Abraham, Ingo"]
[Black "Mozny, Milos"]
[Result "1-0"]
[WhiteElo "2150"]
[BlackElo "2375"]
[PlyCount "86"]
[EventDate "1991.??.??"]
[Source "www.chesslib.no"]
[SourceDate "2004.05.04"]

1. e4 e5 2. f4 d5 3. exd5 e4 4. d3 Nf6 5. dxe4 Nxe4 6. Nf3 Bc5 7. Qe2 Bf5 8. Nc3 Qe7 9. Be3 Bb4 10. Bd4 O-O 11. O-O-O Re8 12. Nxe4 Qxe4 13. Qxe4 Bxe4 14. Bc4 Bd6 15. Ne5 f6 16. Rde1 f5 17. Rhg1 Na6 18. g4 g6 19. gxf5 Bxf5 20. h4 Nb4 21. Bb3 h5 22. a3 Na6 23. Ref1 Kh7 24. Bc4 Nc5 25. b4 Ne4 26. Nxg6 Rg8 27. Ne5 a5 28. Rxg8 Rxg8 29. bxa5 Bxa3+ 30. Bb2 Bxb2+ 31. Kxb2 Rg2 32. Bd3 Nd6 33. Kc3 Kg7 34. Nf3 Kf6 35. Nd4 Rg4 36. Nxf5 Nxf5 37. Bxf5 Kxf5 38. Rb1 b6 39. d6 cxd6 40. axb6 Rg8 41. b7 Rb8 42. Kd4 Ke6 43. Rb5 d5 1-0

[Event "Andratx (1er tournoi)"]
[Site "?"]
[Date "2004.10.05"]
[Round "2.4"]
[White "Tripolsky Eugene"]
[Black "Moreno Garcia Alfonso"]
[Result "1-0"]
[WhiteElo "2434"]
[BlackElo "2087"]
[PlyCount "91"]
[EventDate "2004.??.??"]
[Source "www.chesslib.no"]
[SourceDate "2004.05.04"]

1. e4 e5 2. f4 d5 3. exd5 e4 4. d3 Nf6 5. dxe4 Nxe4 6. Nf3 c6 7. Bd3 f5 8. Nc3 cxd5 9. Bb5+ Bd7 10. Qxd5 Nxc3 11. bxc3 Bxb5 12. Qxb5+ Qd7 13. Qe5+ Qe7 14. O-O Qxe5 15. fxe5 Bc5+ 16. Nd4 O-O 17. Kh1 Bxd4 18. cxd4 Nc6 19. c3 g6 20. Bg5 Rfe8 21. e6 Rac8 22. d5 Ne5 23. Rad1 Kg7 24. d6 h6 25. Bh4 g5 26. d7 gxh4 27. Rxf5 Nxd7 28. exd7 Red8 29. Rd4 Rxc3 30. h3 Rc6 31. Kh2 Re6 32. Rc5 Rc6 33. Re5 Rc7 34. Red5 Kh7 35. Rd6 Rc6 36. R6d5 Rc7 37. Kg1 Rc1+ 38. Kf2 Rc2+ 39. Kf3 Rxa2 40. Re5 Ra3+ 41. Ke4 Rg3 42. Re8 Rg8 43. Rxd8 Rxd8 44. Ke5 Kg7 45. Kd6 Kf7 46. Kc7 1-0

[Event "RUS-ch 54th"]
[Site "Elista"]
[Date "2001.05.03"]
[Round "4"]
[White "Pridorozhni, Aleksei"]
[Black "Mantsinov, E."]
[Result "1-0"]
[WhiteElo "2352"]
[BlackElo "2167"]
[PlyCount "91"]
[EventDate "2001.04.29"]
[Source "ChessBase"]
[SourceDate "2001.07.05"]

1. e4 e5 2. f4 d5 3. exd5 e4 4. d3 Nf6 5. dxe4 Nxe4 6. Nf3 Bc5 7. Bd3 Nf6 8. Qe2+ Kf8 9. c4 c6 10. dxc6 Nxc6 11. Be3 Qb6 12. Bxc5+ Qxc5 13. Nc3 Bg4 14. O-O-O Nd4 15. Qe5 Ne6 16. Qxc5+ Nxc5 17. Be2 g6 18. h3 Bf5 19. g4 Be4 20. Rhe1 Kg7 21. b4 Bxf3 22. Bxf3 Ne6 23. g5 Ne8 24. Rd7 Rd8 25. Rxb7 Nxf4 26. Ree7 Nd6 27. Rxa7 Rhf8 28. c5 Nc8 29. Kc2 Nxa7 30. Rxa7 Rfe8 31. c6 Ne6 32. Bd5 Nd4+ 33. Kb2 Rxd5 34. Nxd5 Re2+ 35. Kc3 Nxc6 36. Ra6 Nd8 37. h4 h6 38. a4 hxg5 39. hxg5 Re5 40. Rd6 Ne6 41. a5 Nxg5 42. a6 Re1 43. Kb2 Re2+ 44. Ka3 Re1 45. Nc3 Re3 46. Rc6 1-0

[Event "Oberliga Ost-B 9900"]
[Site "?"]
[Date "1999.12.12"]
[Round "4.6"]
[White "Schaack Harry"]
[Black "Oumnov Aleksei"]
[Result "1-0"]
[WhiteElo "2282"]
[BlackElo "2233"]
[PlyCount "145"]
[EventDate "1999.??.??"]
[Source "www.chesslib.no"]
[SourceDate "2004.05.04"]

1. e4 e5 2. f4 d5 3. exd5 e4 4. d3 Nf6 5. dxe4 Nxe4 6. Nf3 Bc5 7. Qe2 Bf2+ 8. Kd1 Qxd5+ 9. Nfd2 f5 10. Nc3 Qd4 11. Ncxe4 fxe4 12. c3 Qe3 13. Nxe4 Qxe2+ 14. Kxe2 Bh4 15. g3 Bg4+ 16. Kf2 Be7 17. Be3 Nd7 18. Be2 Bxe2 19. Kxe2 O-O-O 20. Rad1 Rde8 21. Kf3 Rhf8 22. Rhe1 Rf5 23. Kg2 Rb5 24. b3 Ra5 25. Rd2 Ra6 26. Bd4 Rg8 27. c4 Bd8 28. Kf3 Ra5 29. Bc3 Rf5 30. Red1 Rf7 31. h4 b6 32. b4 Re8 33. Re2 Ref8 34. Ng5 Bxg5 35. hxg5 Rd8 36. Rde1 Nf8 37. Re8 Kd7 38. Rxd8+ Kxd8 39. g4 Kd7 40. f5 g6 41. Bf6 h6 42. Kf4 Nh7 43. Re6 Nf8 44. Re1 Nh7 45. Rd1+ Kc6 46. Bd8 hxg5+ 47. Bxg5 gxf5 48. gxf5 Rg7 49. Bh4 Rg2 50. b5+ Kb7 51. Rd7 Nf8 52. Rf7 Rg8 53. Bd8 Kc8 54. Bxc7 Nd7 55. Bd6 Rg2 56. Re7 Rd2 57. Be5 Kd8 58. Re6 Rxa2 59. Bf6+ Kc7 60. Rc6+ Kb7 61. Bd4 a6 62. f6 axb5 63. cxb5 Ra4 64. Ke3 Rb4 65. Rd6 Kc7 66. Rd5 Rb3+ 67. Ke4 Rh3 68. Be5+ Kc8 69. f7 Rh4+ 70. Kf3 Nf8 71. Bf6 Rh6 72. Bg5 Rg6 73. Rd8+ 1-0

[Event "Collado Villalba op"]
[Site "?"]
[Date "1994.??.??"]
[Round "?"]
[White "Martinez Semprun"]
[Black "Ferron"]
[Result "0-1"]
[WhiteElo "2185"]
[BlackElo "2330"]
[PlyCount "138"]
[EventDate "1994.??.??"]
[Source "www.chesslib.no"]
[SourceDate "2004.05.04"]

1. e4 e5 2. f4 d5 3. exd5 e4 4. d3 Nf6 5. dxe4 Nxe4 6. Nf3 Bc5 7. Qe2 Bf5 8. Nc3 Qe7 9. Be3 Bxe3 10. Qxe3 Nxc3 11. Qxe7+ Kxe7 12. bxc3 Be4 13. Ng5 Bxd5 14. O-O-O c6 15. c4 Be6 16. Bd3 h6 17. Nxe6 fxe6 18. f5 Nd7 19. fxe6 Nc5 20. Rhe1 Rad8 21. Re5 b6 22. Rde1 Rhf8 23. R1e3 Rf4 24. Be2 Rd6 25. Rg3 g5 26. Ra3 a5 27. Rh3 Rf6 28. Bg4 Rd4 29. Bf3 Rd6 30. Bg4 Rd4 31. Rf3 Rxc4 32. Ree3 Rxf3 33. gxf3 Rf4 34. Kb2 Rf6 35. c4 Nxe6 36. Rb3 Nc5 37. Re3+ Kd6 38. Kc3 Rf7 39. Re8 Re7 40. Rd8+ Kc7 41. Rh8 Na4+ 42. Kd3 Nb2+ 43. Kd4 c5+ 44. Kc3 Nd1+ 45. Kb3 Ne3 46. Rxh6 a4+ 47. Kxa4 Nxc4 48. Kb3 b5 49. Rg6 Re3+ 50. Kc2 Re2+ 51. Kc3 Rxa2 52. Rxg5 Kb6 53. h4 Ra3+ 54. Kc2 b4 55. Rg8 Ne3+ 56. Kd2 c4 57. h5 Nd5 58. h6 Ra2+ 59. Kc1 Rh2 60. Rg5 Rh1+ 61. Kd2 c3+ 62. Kc2 Ne3+ 63. Kd3 c2 64. Rg6+ Ka5 65. Rg5+ Ka4 66. Bd7+ Kb3 67. Be6+ Kb2 68. Ra5 c1=Q 69. Ra2+ Kb1 0-1

[Event "Corr"]
[Site "?"]
[Date "2001.10.01"]
[Round "?"]
[White "Efendiyev Enver Mikhaylovich"]
[Black "Burkett Max"]
[Result "1-0"]
[WhiteElo "2344"]
[BlackElo "2168"]
[PlyCount "39"]
[EventDate "2001.??.??"]
[Source "www.chesslib.no"]
[SourceDate "2004.05.04"]

1. e4 e5 2. f4 d5 3. exd5 e4 4. d3 Nf6 5. dxe4 Nxe4 6. Nf3 Bc5 7. Qe2 Bf5 8. Nc3 Qe7 9. Be3 Bb4 10. Bd4 Nd7 11. O-O-O Bxc3 12. Bxc3 O-O 13. g4 Bxg4 14. Bxg7 Kxg7 15. Rg1 f5 16. h3 Qd6 17. Qe3 h5 18. hxg4 hxg4 19. Nd4 Qxd5 20. c4 1-0

[Event "Geneve Open"]
[Site "Geneva SUI"]
[Date "1993.??.??"]
[Round "9"]
[White "Bliumberg, Vladislav"]
[Black "Terraz, Christian"]
[Result "1-0"]
[WhiteElo "2270"]
[BlackElo "2240"]
[PlyCount "121"]
[EventDate "1993.01.??"]
[Source "www.chesslib.no"]
[SourceDate "2004.05.04"]

1. e4 e5 2. f4 d5 3. exd5 e4 4. d3 Nf6 5. dxe4 Nxe4 6. Be3 Qh4+ 7. g3 Nxg3 8. Nf3 Qe7 9. hxg3 Qxe3+ 10. Qe2 Qxe2+ 11. Bxe2 Bc5 12. Nc3 Be3 13. d6 cxd6 14. Nd5 Bb6 15. O-O-O Be6 16. Nxb6 axb6 17. Rxd6 Rxa2 18. Kb1 Ra7 19. Rxb6 O-O 20. b3 Nd7 21. Rb5 Rfa8 22. Rd1 Nf6 23. Rd4 g6 24. Nd2 Ra1+ 25. Kb2 R8a2+ 26. Kc3 Rc1 27. Bd3 Bf5 28. Bxf5 gxf5 29. Kb4 Rcxc2 30. Nc4 Re2 31. Rxb7 Ng4 32. Rd8+ Kg7 33. Rdd7 Nh6 34. Kb5 Kg6 35. Ne5+ Kh5 36. Rb6 Re3 37. Rd1 Rh2 38. b4 Rxg3 39. Rdd6 Ng8 40. Nxf7 Kg4 41. Rd4 h5 42. Rg6+ Kh4 43. Ng5 Ne7 44. Re6 Ng8 45. Rc4 Rf2 46. Nf7 Rg7 47. Nh6 Rb7+ 48. Kc5 Rc7+ 49. Rc6 Rxc6+ 50. Kxc6 Ne7+ 51. Kd6 Re2 52. b5 Kg3 53. b6 h4 54. b7 Rb2 55. Kxe7 Rxb7+ 56. Kf6 Rb6+ 57. Kg5 h3 58. Nxf5+ Kf2 59. Rc2+ Kg1 60. Nd4 Kh1 61. Nf3 1-0

[Event "Budapest FS12 IM-B"]
[Site "Budapest HUN"]
[Date "1993.??.??"]
[Round "8"]
[White "Kennaugh, Charles"]
[Black "Mortazavi, Kazen"]
[Result "1-0"]
[WhiteElo "2280"]
[BlackElo "2230"]
[PlyCount "81"]
[EventDate "1993.12.??"]
[Source "www.chesslib.no"]
[SourceDate "2004.05.04"]

1. e4 e5 2. f4 d5 3. exd5 e4 4. d3 Nf6 5. dxe4 Nxe4 6. Nf3 Bc5 7. Qe2 f5 8. Nc3 Bf2+ 9. Kd1 O-O 10. Nxe4 fxe4 11. Qxf2 exf3 12. Qxf3 c6 13. Bd3 cxd5 14. Re1 Nc6 15. Bd2 Nd4 16. Qh5 Nf5 17. Bb4 g6 18. Qe2 Nd4 19. Qe3 Bg4+ 20. Kd2 Nf5 21. Bxf5 Bxf5 22. Bxf8 Qxf8 23. c3 Be4 24. Re2 Qd6 25. Ke1 Rf8 26. g3 Qa6 27. b3 Qa5 28. Rd1 Rc8 29. Rc1 Rf8 30. Qd4 a6 31. a4 Rf7 32. Re3 Qc7 33. Rd1 Qc8 34. c4 Rf5 35. cxd5 Bxd5 36. Re7 Qf8 37. Qe3 Bc6 38. Rd6 Rf7 39. Rde6 Rxe7 40. Rxe7 Qf5 41. Qe6+ 1-0

[Event "HUN-chT2 0102"]
[Site "?"]
[Date "2002.04.07"]
[Round "10"]
[White "Dekic Josip"]
[Black "Schmikli Laszlo"]
[Result "1/2-1/2"]
[WhiteElo "2275"]
[BlackElo "2234"]
[PlyCount "93"]
[EventDate "2002.??.??"]
[Source "www.chesslib.no"]
[SourceDate "2004.05.04"]

1. e4 e5 2. f4 d5 3. exd5 e4 4. d3 Nf6 5. dxe4 Nxe4 6. Nf3 Bc5 7. Qe2 Bf5 8. Nc3 Qe7 9. Be3 Nd7 10. Bxc5 Ndxc5 11. O-O-O O-O-O 12. Nd4 Qd7 13. Nxe4 Nxe4 14. Nxf5 Qxf5 15. Qe3 Rhe8 16. g4 Nd6 17. Qg3 Qe4 18. Bg2 Qa4 19. Kb1 Re2 20. b3 Qb4 21. Bf1 Ne4 22. Bxe2 Nxg3 23. hxg3 Re8 24. Bd3 h6 25. g5 hxg5 26. fxg5 Qg4 27. Rdf1 Qxg5 28. Rxf7 Qxg3 29. Bf5+ Kb8 30. Re7 Rd8 31. Rd7 Rc8 32. Be6 a5 33. a4 Qe5 34. Rg1 g5 35. Re7 Rd8 36. Rf7 Qe3 37. Rgf1 g4 38. Bxg4 Rxd5 39. Rf8+ Ka7 40. R8f5 Rxf5 41. Bxf5 Kb6 42. Bd3 Kc5 43. Kb2 Qd4+ 44. Ka3 Qc3 45. Ka2 Qd2 46. Rg1 c6 47. Rg4 1/2-1/2

[Event "Corr"]
[Site "?"]
[Date "2003.08.30"]
[Round "?"]
[White "Gaard Karl Gustav"]
[Black "Converset Juan Jose"]
[Result "1-0"]
[WhiteElo "2300"]
[BlackElo "2207"]
[PlyCount "43"]
[EventDate "2003.??.??"]
[Source "www.chesslib.no"]
[SourceDate "2004.05.04"]

1. e4 e5 2. f4 d5 3. exd5 e4 4. d3 Nf6 5. dxe4 Nxe4 6. Nf3 Bc5 7. Qe2 Bf5 8. Nc3 Qe7 9. Be3 Bxe3 10. Qxe3 Nxc3 11. Qxe7+ Kxe7 12. bxc3 Be4 13. Ng5 Bxd5 14. O-O-O Bxa2 15. c4 b5 16. Bd3 Bxc4 17. Rhe1+ Kf6 18. Nxh7+ Rxh7 19. Bxh7 Na6 20. Bd3 Bxd3 21. Rxd3 Rb8 22. Rd7 1-0

[Event "Paris Ch"]
[Site "Paris FRA"]
[Date "1993.??.??"]
[Round "2"]
[White "Wavresky, Pierre"]
[Black "Gollain, Marc"]
[Result "1-0"]
[WhiteElo "2210"]
[BlackElo "2285"]
[PlyCount "83"]
[EventDate "1993.04.??"]
[Source "www.chesslib.no"]
[SourceDate "2004.05.04"]

1. e4 e5 2. f4 d5 3. exd5 e4 4. d3 Nf6 5. dxe4 Nxe4 6. Nf3 c6 7. Nbd2 Nxd2 8. Bxd2 Qxd5 9. Bc3 Qxd1+ 10. Rxd1 Be6 11. Bd3 Nd7 12. Ng5 Bd5 13. O-O O-O-O 14. Be4 Bc4 15. Bd3 Bd5 16. Be4 Bxe4 17. Nxe4 f6 18. Rd3 Bc5+ 19. Bd4 Bxd4+ 20. Rxd4 Nb6 21. Nd6+ Kc7 22. Rfd1 Rhf8 23. Nf5 Rxd4 24. Rxd4 g6 25. Ne3 Re8 26. Kf2 h5 27. h4 Nc8 28. f5 g5 29. g4 Nd6 30. gxh5 gxh4 31. Rxh4 Rxe3 32. Kxe3 Nxf5+ 33. Kf4 Nxh4 34. Kg4 Kd7 35. Kxh4 Ke7 36. Kg4 Kf7 37. Kf5 Kg7 38. c4 b5 39. cxb5 cxb5 40. b4 Kh6 41. Kxf6 Kxh5 42. Ke5 1-0

[Event "Issy Les Moulineaux"]
[Site "?"]
[Date "1985.??.??"]
[Round "?"]
[White "Bernard Christophe"]
[Black "Demarre Jacques"]
[Result "1/2-1/2"]
[WhiteElo "2310"]
[BlackElo "2170"]
[PlyCount "124"]
[EventDate "1985.??.??"]
[Source "www.chesslib.no"]
[SourceDate "2004.05.04"]

1. e4 e5 2. f4 d5 3. exd5 e4 4. d3 Nf6 5. dxe4 Nxe4 6. Nf3 Be7 7. Qd4 Nd6 8. Bd3 O-O 9. Nc3 Bh4+ 10. g3 Re8+ 11. Kf2 Bf6 12. Ne5 Nd7 13. Re1 Qe7 14. Ne4 Nxe5 15. Nxf6+ gxf6 16. fxe5 fxe5 17. Qh4 e4 18. Qxe7 Rxe7 19. Bf4 Bf5 20. c4 Rae8 21. Bf1 Bg4 22. c5 e3+ 23. Kg1 e2 24. Bg2 Nc4 25. h3 Bf5 26. g4 Bg6 27. b3 Nb2 28. Bg5 Rd7 29. Bf3 Nd3 30. Rxe2 Rxe2 31. Bxe2 Rxd5 32. Bh6 Nxc5 33. Bc4 Rd6 34. Bf4 Rd7 35. Re1 Kg7 36. Be5+ f6 37. Ba1 h6 38. h4 Ne4 39. Be6 Rd3 40. Rf1 Rd6 41. Bc8 Nd2 42. Rf4 Be4 43. Kf2 Bb1 44. Ra4 Ra6 45. Rxa6 bxa6 46. Ke3 Nf1+ 47. Ke2 Ng3+ 48. Kf3 Ne4 49. b4 Nd6 50. Be6 Ne8 51. Kf4 Bg6 52. g5 hxg5+ 53. hxg5 Kf8 54. gxf6 Bf7 55. Ke5 Nd6 56. Bd4 Nc4+ 57. Kd5 c6+ 58. Kxc4 Bxe6+ 59. Kc5 Bxa2 60. Kxc6 Bc4 61. Kc5 Bd3 62. Kd6 Kf7 1/2-1/2

[Event "LARAGNE"]
[Site "?"]
[Date "2002.??.??"]
[Round "4.2"]
[White "Sarthou Gaetan"]
[Black "Ouakhir Mehdi"]
[Result "1-0"]
[WhiteElo "2369"]
[BlackElo "2106"]
[PlyCount "144"]
[EventDate "2002.??.??"]
[Source "www.chesslib.no"]
[SourceDate "2004.05.04"]

1. f4 e5 2. e4 d5 3. exd5 e4 4. d3 Nf6 5. dxe4 Nxe4 6. Be3 Qh4+ 7. g3 Nxg3 8. Nf3 Qe7 9. hxg3 Qxe3+ 10. Qe2 Bc5 11. Nbd2 O-O 12. Qxe3 Bxe3 13. Bd3 h6 14. Kf1 c6 15. d6 Bg4 16. Re1 Bxf3 17. Nxf3 Bc5 18. Re7 b5 19. a4 Bxd6 20. Rb7 a6 21. Kg2 Rd8 22. Rd1 Nd7 23. axb5 axb5 24. Bh7+ Kxh7 25. Rxd6 Nc5 26. Rxd8 Rxd8 27. Rxf7 Ne6 28. c3 Rd1 29. Re7 Nc5 30. f5 Rd7 31. f6 Kg8 32. b4 gxf6 33. Re8+ Kf7 34. Rc8 Ne6 35. Rxc6 Rd5 36. Kf2 Ng5 37. Rc7+ Ke6 38. Nd4+ Kd6 39. Rc6+ Kd7 40. Rb6 Ne4+ 41. Ke3 Nd6 42. Kf4 Rg5 43. Ra6 h5 44. Ra7+ Ke8 45. Rh7 Rg4+ 46. Kf3 Rg5 47. Ne6 Rf5+ 48. Nf4 Nf7 49. Rxh5 Rxh5 50. Nxh5 Ke7 51. Ke4 Nd6+ 52. Kd5 f5 53. Ng7 Kd7 54. Ne6 Ke7 55. Nc5 Nc4 56. Nb3 Nd6 57. Nd4 Kd7 58. Ke5 Ne4 59. Nxb5 Nxg3 60. Kf4 Ne4 61. Kxf5 Nd2 62. Ke5 Kc6 63. Nd4+ Kb6 64. Kd5 Nb1 65. Kc4 Nd2+ 66. Kd3 Nf1 67. c4 Ng3 68. c5+ Kc7 69. b5 Nh5 70. b6+ Kb7 71. Kc4 Nf6 72. Kb5 Ne8 1-0

[Event "IECG m"]
[Site "?"]
[Date "1996.??.??"]
[Round "2"]
[White "Tarmak Mart IECG"]
[Black "Burkett Max IECG"]
[Result "1/2-1/2"]
[WhiteElo "2200"]
[BlackElo "2275"]
[PlyCount "54"]
[EventDate "1996.??.??"]
[Source "www.chesslib.no"]
[SourceDate "2004.05.04"]

1. e4 e5 2. f4 d5 3. exd5 e4 4. d3 Nf6 5. dxe4 Nxe4 6. Nf3 Bc5 7. Qe2 Bf5 8. Nc3 Qe7 9. Be3 Bxe3 10. Qxe3 Nxc3 11. Qxe7+ Kxe7 12. bxc3 Be4 13. Ng5 Bxd5 14. O-O-O c6 15. c4 Be6 16. Bd3 h6 17. Nxe6 fxe6 18. Rhe1 Rf8 19. g3 Nd7 20. Re3 g5 21. fxg5 hxg5 22. h4 gxh4 23. gxh4 Rf7 24. Kb2 Rh8 25. h5 Rf6 26. Rh1 Nc5 27. Kc3 Rfh6 1/2-1/2

[Event "Natick, MA"]
[Site "?"]
[Date "1997.12.07"]
[Round "3"]
[White "Sharp Dale Eugene"]
[Black "Mac Intyre Paul"]
[Result "0-1"]
[WhiteElo "2200"]
[BlackElo "2273"]
[PlyCount "42"]
[EventDate "1997.??.??"]
[Source "www.chesslib.no"]
[SourceDate "2004.05.04"]

1. e4 e5 2. f4 d5 3. exd5 e4 4. d3 Nf6 5. dxe4 Nxe4 6. Qe2 Bf5 7. Nc3 Qh4+ 8. g3 Qe7 9. Bg2 Nxc3 10. Qxe7+ Bxe7 11. bxc3 Nd7 12. Ne2 Bxc2 13. Kd2 Ba4 14. Nd4 O-O-O 15. c4 Bb4+ 16. Ke2 Rhe8+ 17. Be3 Bc3 18. Kd3 Nc5+ 19. Kxc3 Rxe3+ 20. Kb4 b6 21. Nb3 Bxb3 0-1

[Event "CSR Team Ch 9091"]
[Site "Czekhoslovakia"]
[Date "1991.01.19"]
[Round "5.3"]
[White "Ramik, Zdenek"]
[Black "Krcmar, Zdenek"]
[Result "1-0"]
[WhiteElo "2240"]
[BlackElo "2230"]
[PlyCount "77"]
[EventDate "1990.??.??"]
[Source "www.chesslib.no"]
[SourceDate "2004.05.04"]

1. e4 e5 2. f4 d5 3. exd5 e4 4. d3 Nf6 5. dxe4 Nxe4 6. Nf3 Be7 7. Qd4 Bf5 8. Bd3 O-O 9. Bxe4 Bf6 10. Qd3 Re8 11. Nbd2 Nd7 12. O-O Nc5 13. Bxf5 Nxd3 14. Bxd3 Qxd5 15. a4 Re7 16. Nc4 a6 17. Bd2 b5 18. axb5 axb5 19. Rxa8+ Qxa8 20. Nce5 Qd5 21. b4 g6 22. Be3 Re8 23. Bd4 Be7 24. Ng4 h5 25. Nf6+ Bxf6 26. Bxf6 Qd6 27. Bc3 Qxf4 28. Bd4 c6 29. c3 Rd8 30. Re1 Qd6 31. Ng5 Qd7 32. Ne4 Qc8 33. Nf6+ Kg7 34. Nxh5+ Kh6 35. Ng3 Qg4 36. Be2 Qg5 37. Bf3 Qf4 38. Be3 g5 39. Bxf4 1-0

[Event "Tch (Men) 2005/2006 GER"]
[Site "?"]
[Date "2006.01.15"]
[Round "5.3"]
[White "Zill Christoph"]
[Black "Pilz Dieter"]
[Result "0-1"]
[WhiteElo "2163"]
[BlackElo "2299"]
[PlyCount "60"]
[EventDate "2006.??.??"]
[Source "www.chesslib.no"]
[SourceDate "2004.05.04"]

1. e4 e5 2. f4 d5 3. exd5 e4 4. d3 Nf6 5. dxe4 Nxe4 6. Nf3 Be7 7. Nc3 Nxc3 8. bxc3 O-O 9. Be3 Re8 10. Kf2 Nd7 11. Bb5 a6 12. Bxd7 Bxd7 13. c4 Bg4 14. Qd3 Bh4+ 15. g3 Bf6 16. Rae1 Qd7 17. Re2 Bf5 18. Qb3 b5 19. cxb5 axb5 20. c4 bxc4 21. Qxc4 Be4 22. Ne5 Rxe5 23. fxe5 Bxh1 24. exf6 Bxd5 25. Qd4 c6 26. fxg7 Qf5+ 27. Bf4 Qh5 28. Ke1 Qf3 29. Qe3 Qh1+ 30. Kd2 Rxa2+ 0-1

[Event "MEB"]
[Site "Haninge"]
[Date "1997.??.??"]
[Round "6"]
[White "Eriksson, Mats"]
[Black "Herrstrom, Tony"]
[Result "0-1"]
[WhiteElo "2250"]
[BlackElo "2205"]
[PlyCount "66"]
[EventDate "1997.??.??"]
[Source "www.chesslib.no"]
[SourceDate "2004.05.04"]

1. e4 e5 2. f4 d5 3. exd5 e4 4. d3 Nf6 5. dxe4 Nxe4 6. Nf3 Bc5 7. Qe2 O-O 8. Qxe4 Re8 9. Ne5 f6 10. Bd3 g6 11. Qc4 Na6 12. Nc3 fxe5 13. fxe5 Rxe5+ 14. Kd1 b5 15. Nxb5 c6 16. d6+ Be6 17. Qf4 Rd5 18. Nc3 Bxd6 19. Qf3 Rd4 20. h3 Nc5 21. Be3 Nxd3 22. Bxd4 Nxb2+ 23. Ke1 Bg3+ 24. Qxg3 Qxd4 25. Ne2 Nd3+ 26. Kd2 Qb4+ 27. c3 Qb2+ 28. Kxd3 Bf5+ 29. Ke3 Re8+ 30. Kf2 Rxe2+ 31. Kf1 Rxg2 32. Qxg2 Qxa1+ 33. Kf2 Qxa2+ 0-1

[Event "Hambourg IHEM"]
[Site "?"]
[Date "2004.05.30"]
[Round "2.11"]
[White "Meyer Falko"]
[Black "Schulz Hans Juergen"]
[Result "0-1"]
[WhiteElo "2368"]
[BlackElo "2074"]
[PlyCount "86"]
[EventDate "2004.??.??"]
[Source "www.chesslib.no"]
[SourceDate "2004.05.04"]

1. e4 e5 2. f4 d5 3. exd5 e4 4. d3 Nf6 5. dxe4 Nxe4 6. Nf3 Bc5 7. Qe2 Bf5 8. Nc3 Qe7 9. Be3 Nxc3 10. Bxc5 Nxe2 11. Bxe7 Nxf4 12. Ba3 Nxd5 13. O-O-O c6 14. Bc4 Be6 15. Rhe1 Nd7 16. Ng5 O-O-O 17. Nxe6 fxe6 18. Rxe6 N7b6 19. Bf1 a5 20. g3 Rhe8 21. Rxe8 Rxe8 22. Bc5 Na4 23. Bg1 b5 24. a3 Kc7 25. Bg2 Nab6 26. Bf3 g5 27. Bd4 Re6 28. Bg4 Re7 29. Bc5 Re5 30. b3 Kb7 31. Rf1 h6 32. Bd6 Re8 33. Rf7+ Ka6 34. Rh7 Nf6 35. Rxh6 Nxg4 36. Rh5 Re6 37. Rxg5 Nxh2 38. Bf4 Nd5 39. Rh5 Nf3 40. Bb8 Kb7 41. Rh8 b4 42. axb4 axb4 43. c4 bxc3 0-1

[Event "Andalucia-chT"]
[Site "Torredelcampo"]
[Date "1997.11.15"]
[Round "3"]
[White "Zabala Ordonez, Alvaro"]
[Black "Ramos Suria, Felix"]
[Result "1/2-1/2"]
[WhiteElo "2235"]
[BlackElo "2200"]
[PlyCount "52"]
[EventDate "1997.11.??"]
[Source "www.chesslib.no"]
[SourceDate "2004.05.04"]

1. e4 e5 2. f4 d5 3. exd5 e4 4. d3 Nf6 5. dxe4 Nxe4 6. Nf3 Bc5 7. Qe2 Bf5 8. Nc3 Qe7 9. Be3 Bxe3 10. Qxe3 Nxc3 11. Qxe7+ Kxe7 12. bxc3 Be4 13. Ng5 Bxd5 14. O-O-O h6 15. Rxd5 hxg5 16. Bc4 gxf4 17. Re1+ Kf6 18. Rd4 g5 19. h4 Nc6 20. hxg5+ Kxg5 21. Rd5+ f5 22. Rd7 Rae8 23. Rxe8 Rxe8 24. Rxc7 Re7 25. Rc8 Ne5 26. Bd5 Ng4 1/2-1/2

[Event "Pre-Olym Tourn"]
[Site "?"]
[Date "2004.10.09"]
[Round "1"]
[White "Fier Alexandre Santos"]
[Black "Duarte Duarte"]
[Result "1/2-1/2"]
[WhiteElo "2365"]
[BlackElo "2070"]
[PlyCount "114"]
[EventDate "2004.??.??"]
[Source "www.chesslib.no"]
[SourceDate "2004.05.04"]

1. e4 e5 2. f4 d5 3. exd5 e4 4. d3 Nf6 5. dxe4 Nxe4 6. Nf3 Bc5 7. Qe2 Qe7 8. Be3 Bd6 9. Nbd2 O-O 10. Nxe4 Qxe4 11. Qd3 Re8 12. Qxe4 Rxe4 13. Kf2 Bxf4 14. Bxf4 Rxf4 15. Bd3 Nd7 16. Rhe1 Kf8 17. Kg3 Rb4 18. b3 Nc5 19. Bc4 Bf5 20. c3 Rb6 21. b4 Nd3 22. Bxd3 Bxd3 23. Ne5 Bf5 24. Rf1 g6 25. Kh4 Rd6 26. c4 Re8 27. Rae1 f6 28. g4 Rxe5 29. gxf5 Rxf5 30. Rxf5 gxf5 31. Rf1 Ra6 32. Rf2 Ra3 33. h3 Kf7 34. Rd2 Re3 35. c5 Re4+ 36. Kh5 Ke7 37. a3 Re3 38. h4 Rxa3 39. Kh6 Ra4 40. Kxh7 Rxb4 41. h5 Rc4 42. h6 Rxc5 43. Kg7 Rc1 44. Re2+ Kd7 45. Rh2 Re1 46. h7 Re8 47. h8=Q Rxh8 48. Rxh8 Kd6 49. Kxf6 Kxd5 50. Kxf5 a5 51. Rd8+ Kc4 52. Rd7 b5 53. Rxc7+ Kb3 54. Rc5 b4 55. Rxa5 Kc2 56. Rc5+ Kd3 57. Rb5 Kc3 1/2-1/2

[Event "Aarhus-A"]
[Site "Aarhus DEN"]
[Date "1985.??.??"]
[Round "6"]
[White "Nielsen, Fl"]
[Black "Knudsen, Ole Scott"]
[Result "1-0"]
[WhiteElo "2200"]
[BlackElo "2230"]
[PlyCount "99"]
[EventDate "1985.??.??"]
[Source "www.chesslib.no"]
[SourceDate "2004.05.04"]

1. e4 e5 2. f4 d5 3. exd5 e4 4. d3 Nf6 5. dxe4 Nxe4 6. Qe2 Bf5 7. Nc3 Qe7 8. Bd2 Nd7 9. O-O-O O-O-O 10. g4 Nxc3 11. Bxc3 Qxe2 12. Bxe2 Be4 13. Bf3 Bxf3 14. Nxf3 f6 15. Nd4 Nb6 16. Ne6 Rxd5 17. Rxd5 Nxd5 18. Rd1 c6 19. Bxf6 gxf6 20. c4 Bh6 21. cxd5 Kd7 22. Nc5+ Kd8 23. Kc2 b6 24. dxc6+ Kc7 25. Ne6+ Kxc6 26. Nd8+ Kb5 27. Ne6 Kc6 28. g5 fxg5 29. fxg5 Bf8 30. Rd8 Bg7 31. Rxh8 Bxh8 32. Nf8 Kd6 33. Nxh7 Ke6 34. h4 Kf5 35. Nf6 Kf4 36. Kd3 Kg3 37. Ke4 Kxh4 38. Kf5 Kg3 39. b3 Kf3 40. b4 Ke3 41. b5 Kd4 42. Kg6 Ke5 43. Ne8 Kf4 44. Kh7 Be5 45. g6 Ke4 46. g7 Bxg7 47. Kxg7 Kd5 48. Kf6 a5 49. bxa6 Kc6 50. a4 1-0

[Event "Heves Infotozsde Cup 4th"]
[Site "?"]
[Date "1999.11.27"]
[Round "1.2"]
[White "Forgo Janos"]
[Black "Bodi Tamas"]
[Result "1/2-1/2"]
[WhiteElo "2189"]
[BlackElo "2208"]
[PlyCount "34"]
[EventDate "1999.??.??"]
[Source "www.chesslib.no"]
[SourceDate "2004.05.04"]

1. e4 e5 2. f4 d5 3. exd5 e4 4. d3 Nf6 5. dxe4 Nxe4 6. Be3 Nd7 7. Nd2 Qh4+ 8. g3 Nxg3 9. Ngf3 Qe7 10. hxg3 Qxe3+ 11. Qe2 Qxe2+ 12. Bxe2 Nf6 13. Bc4 Bd6 14. O-O-O O-O 15. Ne5 Bg4 16. Rde1 a6 17. Bd3 g6 1/2-1/2